000 00631nam a2200217Ia 4500
003 IN-BaIIA
008 211028s9999 xx 000 0 eng d
020 _a3-540-59089-7
040 _cIIA Library
080 _a048.1:52/61B
_bBUR
100 _aBurkhardt, G.
245 0 _aAstronomy and Astrophysics Abstracts
_bvol. 61A
_cBurkhardt, G Esser,U. And Hefele,H.
260 _aNew York
_bSpringer
_c1995
300 _ax,753p.
650 _aAbstracts-Astronomy
650 _aAstronomy
_980
650 _aAstrophysics
_9794
700 _aEsser, U.
_99455
700 _aHefele, H.
_99915
942 _cBK
999 _c11409
_d11409